| 000 | 00414nam a2200181Ia 4500 | ||
|---|---|---|---|
| 003 | OSt | ||
| 005 | 20251121151043.0 | ||
| 008 | 250729s1954 xx 000 0 und d | ||
| 040 | _cAL | ||
| 041 | _aeng | ||
| 082 | _a301.1 FLES | ||
| 100 |
_aFleming C M _9224677 |
||
| 245 | _aSocial psychology of education | ||
| 260 |
_aLondon _c1954 |
||
| 300 | _a110p | ||
| 650 |
_aPsychology _9224678 |
||
| 942 |
_2ddc _cBED |
||
| 999 |
_c236531 _d236531 |
||